000 00223nam a22000857a 4500
008 160811b xxu||||| |||| 00| 0 eng d
100 _9111
_aDahl R
245 _aThe Witches (Roald Dahl)
260 _aUSA
_bJonathan publication
_c1983
999 _c2765
_d2765